000 00554nam a22001937a 4500
003 OSt
005 20140310182203.0
008 130903t xxu||||| |||| 00| 0 eng d
020 _a0908086008
050 _aDS 796.H73
_b.C635 1978
082 _aHS 915.125
_bC58 1978
100 _aClewlow, Carol
_916340
245 _aHongkong & Macau /
_cCarol Clewlow
260 _aAustralia :
_bLonely Planet Pub.,
_cc1978.
300 _a128 p. :
_bill. ;
_c19 cm.
650 _aHongKong
_xDescreption
_xGuide book
_916341
942 _2lcc
_cHS
999 _c10269
_d10269